| 000 | 01558nam2a2200277 4500 | ||
|---|---|---|---|
| 001 | RU\NLR\BIBL_A\012013993 | ||
| 005 | 20230705143007.0 | ||
| 010 | _a978-5-9710-6193-9 | ||
| 021 |
_aRU _bКН-П-19-028762 _9КН-П-19-2166 |
||
| 035 | _a(NLR Aleph) 012013993 | ||
| 090 |
_a11464308 _c11464308 |
||
| 100 | _a20190517d2019 u y0rusy50 ca | ||
| 101 | 0 | _arus | |
| 102 | _aRU | ||
| 105 | _aac z 000zy | ||
| 200 | 1 | _aЕстественно-научный проект | |
| 210 | _d2019 | ||
| 215 |
_a549 с. _cил., портр., табл. |
||
| 320 | _aБиблиогр. в подстроч. примеч. | ||
| 461 | 0 |
_1001RU\NLR\BIBL_A\012010983 _12001#$aR-физика$eпроект физики неорганической и органической природы ("большой физики") на основе релятивистской теории количества$fВ.И. Моисеев$vТ. 1 _1700#1$aМоисеев$bВ. И.$cд-р филос. наук$f1965-$gВячеслав Иванович$3RU\NLR\AUTH\7792323 _911451031 _aМоисеев, В. И. (д-р филос. наук ; 1965-) _cМосква _d2019 _fВ.И. Моисеев _nURSS _oпроект физики неорганической и органической природы ("большой физики") на основе релятивистской теории количества _tR-физика _vТ. 1 |
|
| 852 |
_aNLR _j2019-5/3314 |
||
| 942 | _cBOOK | ||
| 980 | _aNBR | ||
| 980 | _aNB | ||